Плиты подопочные; ГОСТ 20377-74 Плиты подопочные из алюминиевых сплавов для опок размерами в свету: длиной от 400 до 500 мм, шириной от 300 до 400 мм. Конструкция и размеры; ГОСТ 20378-74 Плиты подопочные из алюминиевых сплавов для опок размерами в свету: длиной 600 мм, шириной 500 мм. Конструкция и размеры; ГОСТ 20379-74 Плиты подопочные из алюминиевых сплавов для опок размерами в свету: длиной 800 мм, шириной 700 мм. Конструкция и размеры; ГОСТ 20380-74 Плиты подопочные чугунные для опок размерами в свету: длиной от 400 до 500 мм, шириной от 300 до 400 мм. Конструкция и размеры; ГОСТ 20381-74 Плиты подопочные чугунные для опок размерами в свету: длиной 600 и 800 мм , шириной 500 до 700 мм. Конструкция и размеры; ГОСТ 20382-74 Плиты подопочные чугунные для опок размерами в свету: длиной от 1000 до 1200 мм , шириной 600 до 1000 мм. Конструкция и размеры; ГОСТ 20383-74 Плиты подопочные чугунные для опок размерами в свету: длиной от 1600 до 2000 мм , шириной от 1200 до 1600 мм. Конструкция и размеры; ГОСТ 20384-74 Плиты подопочные сварные для опок размерами в свету: длиной от 400 до 500 мм , шириной от 300 до 400 мм. Конструкция и размеры; ГОСТ 20385-74 Плиты подопочные сварные для опок размерами в свету: длиной 600 и 800 мм , шириной 500 и 700 мм. Конструкция и размеры; ГОСТ 20386-74 Плиты подопочные. Требования технические
| Korporativní autor: | |
|---|---|
| Jazyk: | ruština |
| Vydáno: |
Москва, Изд-во стандартов, 1975
|
| Vydání: | Изд. офиц. |
| TOC: | ГОСТ 20377-74 Плиты подопочные из алюминиевых сплавов для опок размерами в свету: длиной от 400 до 500 мм, шириной от 300 до 400 мм. Конструкция и размеры; ГОСТ 20378-74 Плиты подопочные из алюминиевых сплавов для опок размерами в свету: длиной 600 мм, шириной 500 мм. Конструкция и размеры; ГОСТ 20379-74 Плиты подопочные из алюминиевых сплавов для опок размерами в свету: длиной 800 мм, шириной 700 мм. Конструкция и размеры; ГОСТ 20380-74 Плиты подопочные чугунные для опок размерами в свету: длиной от 400 до 500 мм, шириной от 300 до 400 мм. Конструкция и размеры; ГОСТ 20381-74 Плиты подопочные чугунные для опок размерами в свету: длиной 600 и 800 мм , шириной 500 до 700 мм. Конструкция и размеры; ГОСТ 20382-74 Плиты подопочные чугунные для опок размерами в свету: длиной от 1000 до 1200 мм , шириной 600 до 1000 мм. Конструкция и размеры; ГОСТ 20383-74 Плиты подопочные чугунные для опок размерами в свету: длиной от 1600 до 2000 мм , шириной от 1200 до 1600 мм. Конструкция и размеры; ГОСТ 20384-74 Плиты подопочные сварные для опок размерами в свету: длиной от 400 до 500 мм , шириной от 300 до 400 мм. Конструкция и размеры; ГОСТ 20385-74 Плиты подопочные сварные для опок размерами в свету: длиной 600 и 800 мм , шириной 500 и 700 мм. Конструкция и размеры; ГОСТ 20386-74 Плиты подопочные. Требования технические; |
| Edice: | Государственные стандарты |
| Témata: | |
| Médium: | MixedMaterials Kniha |
| KOHA link: | https://koha.lib.tpu.ru/cgi-bin/koha/opac-detail.pl?biblionumber=157023 |
MARC
| LEADER | 00000nam0a2200000 4500 | ||
|---|---|---|---|
| 001 | 157023 | ||
| 005 | 20231031153456.0 | ||
| 035 | |a (RuTPU)RU\TPU\book\170300 | ||
| 035 | |a RU\TPU\book\170191 | ||
| 090 | |a 157023 | ||
| 100 | |a 20090402d1975 km y0rusy50 ca | ||
| 101 | 0 | |a rus | |
| 102 | |a RU | ||
| 105 | |a a l 000zy | ||
| 200 | 1 | |a Плиты подопочные | |
| 205 | |a Изд. офиц. | ||
| 210 | |a Москва |c Изд-во стандартов |d 1975 | ||
| 215 | |a 40 с. |c ил. | ||
| 225 | 1 | |a Государственные стандарты | |
| 464 | |t ГОСТ 20377-74 Плиты подопочные из алюминиевых сплавов для опок размерами в свету: длиной от 400 до 500 мм, шириной от 300 до 400 мм. Конструкция и размеры | ||
| 464 | |t ГОСТ 20378-74 Плиты подопочные из алюминиевых сплавов для опок размерами в свету: длиной 600 мм, шириной 500 мм. Конструкция и размеры | ||
| 464 | |t ГОСТ 20379-74 Плиты подопочные из алюминиевых сплавов для опок размерами в свету: длиной 800 мм, шириной 700 мм. Конструкция и размеры | ||
| 464 | |t ГОСТ 20380-74 Плиты подопочные чугунные для опок размерами в свету: длиной от 400 до 500 мм, шириной от 300 до 400 мм. Конструкция и размеры | ||
| 464 | |t ГОСТ 20381-74 Плиты подопочные чугунные для опок размерами в свету: длиной 600 и 800 мм , шириной 500 до 700 мм. Конструкция и размеры | ||
| 464 | |t ГОСТ 20382-74 Плиты подопочные чугунные для опок размерами в свету: длиной от 1000 до 1200 мм , шириной 600 до 1000 мм. Конструкция и размеры | ||
| 464 | |t ГОСТ 20383-74 Плиты подопочные чугунные для опок размерами в свету: длиной от 1600 до 2000 мм , шириной от 1200 до 1600 мм. Конструкция и размеры | ||
| 464 | |t ГОСТ 20384-74 Плиты подопочные сварные для опок размерами в свету: длиной от 400 до 500 мм , шириной от 300 до 400 мм. Конструкция и размеры | ||
| 464 | |t ГОСТ 20385-74 Плиты подопочные сварные для опок размерами в свету: длиной 600 и 800 мм , шириной 500 и 700 мм. Конструкция и размеры | ||
| 464 | |t ГОСТ 20386-74 Плиты подопочные. Требования технические | ||
| 610 | 1 | |a стандарты | |
| 610 | 1 | |a ГОСТы | |
| 610 | 1 | |a плиты | |
| 610 | 1 | |a опоки | |
| 610 | 1 | |a конструкция | |
| 610 | 1 | |a размеры | |
| 610 | 1 | |a технические требования | |
| 712 | 0 | 1 | |a СССР |b Государственный комитет стандартов (Госстандарт) |c (1970-1978) |2 stltpush |3 (RuTPU)RU\TPU\col\4389 |
| 801 | 2 | |a RU |b 63413507 |c 20221208 |g PSBO | |
| 942 | |c BK | ||